000 00702nam a2200205 a 4500
005 20140412111243.0
008 010809s19uu xx 00 eng d
020 _a0-590-52280-9
050 _aER
_bLo84 1998
100 _aBrodkin, Adele M.
245 _aThe lonely only dog /
_cby Adele M. Brodkin ; illustrated by Larry Di Fiori.
260 _aNew York :
_bScholastic Inc,
_c1998.
300 _a1 v. (unp.) ; ill.
440 _aHello Reader!-Level 3
520 _aA dog who longs for someone to play with finds out how good-life is as an only pet when another dog comes to visit.
650 _aDogs-Fiction
650 _aLoneliness-Fiction
650 _aOnly child-Fiction
999 _c102835
_d102835